Spanish monarchs #1 - Statistics

General Stats
  • This quiz has been taken 9 times
  • The average score is 9 of 15
Answer Stats
Hint Answer % Correct
They son is known as Charles V in HRE but what in Spain Charles I
89%
Who was the last Habsburg king Charles II
78%
Her marriage to Philip I let this house to came to power Habsburg
78%
Who is the first king of that house Philip V
78%
The end of War of the Spanish Succession bought what house to power Bourbon
67%
The queen known as the Catholic monarchs with her husband Isabella I
67%
They daughter Joanna is known as the Mad
67%
The king who sent the armada Philip II
67%
Who was the last king of the union Philip IV
67%
Who is the current monarch of Spain Philip VI
67%
What royal house do they belong to Trastamara
67%
How many of his sons became king after him three
56%
Her husband who was king of Aragon Ferdinand II
44%
What is the Union called Iberian Union
22%
After he inherited Portugal what was dynasty called in Portugal Philippine Dynasty
11%
No matching quizzes found
Score Distribution
Percent of People with Each Score
Percentile by Number Answered
Your Score History
You have not taken this quiz